000 00422nam a2200145Ia 4500
008 100204s9999 xx 000 0 und d
082 _b19434
100 _aपंडित राम
245 _aतर्जुमा
260 _b"वैदेही राम पंडित , मुंबई"
_c1983
300 _a98
630 _aतर्जुमा
730 _aतर्जुमा
942 _cBOOK
999 _c463856
_d463853